[Event "www.ChessWorld.net server game"]
[Site "www.ChessWorld.net "]
[Date "2007.8.4"]
[Round "NA"]
[White "joselito"]
[Black "lamman"]
[Result "1-0"]
[Termination "Black resigned"]
[WhiteElo "1569"]
[BlackElo "1632"]
[Mode "ICS"]
[DateLastMove "2007.11.18"]
[Board "3974195"]

1.e4 b6 2.Nf3 Bb7 3.Nc3 g6 4.Bb5 Bc6 5.Bxc6 Nxc6 6.O-O Bg7 7.d3 Ne5 8.Qe2 Nxf3+ 9.Qxf3 Nf6 10.e5 Nh5 11.Ne4 Bxe5 12.Ng5 Bf6 13.Qd5 Bxg5 14.Bxg5 O-O 15.Bh6 Re8 16.Rae1 e6 17.Qf3 Qf6 18.c3 Qxf3 19.gxf3 f6 20.Re4 g5 21.Kg2 Nf4+ 22.Kg3 Nxd3 23.Rd4 Nc5 24.b4 Na4 25.Rxd7 c5 26.Rg7+ Kh8 27.Rd1 Rad8 28.Rxd8 Rxd8 29.Rxa7 Nxc3 30.bxc5 bxc5 31.a4 e5 32.Bg7+ Kg8 33.Bxf6 Re8 34.Bxg5 Re6 35.a5 Rg6 36.h4 h6 37.Kg4 hxg5 38.hxg5 Nb5 39.Ra8+ Kf7 40.f4 exf4 41.f3 c4 42.Rd8 Ra6 43.Kxf4 Rxa5 44.Rd7+ Kg6 45.Kg4 c3 46.f4 c2 {Black resigned} 1-0

[Event "www.ChessWorld.net server game"]
[Site "www.ChessWorld.net "]
[Date "2007.8.4"]
[Round "NA"]
[White "joselito"]
[Black "Lenchilada"]
[Result "1-0"]
[Termination "Black king mated"]
[WhiteElo "1375"]
[BlackElo "975"]
[Mode "ICS"]
[DateLastMove "2007.8.27"]
[Board "3974196"]

1.e4 e5 2.Nf3 c6 3.Bc4 Qe7 4.O-O d5 5.exd5 cxd5 6.Bxd5 Nc6 7.Bxc6+ Bd7 8.Bxb7 Rd8 9.d4 f6 10.b3 Bb5 11.c4 Bd7 12.dxe5 Rb8 13.Bd5 Nh6 14.exf6 Kd8 15.fxe7+ Bxe7 16.Bc6 Rb6 17.Qxd7+ {Black king mated} 1-0

[Event "www.ChessWorld.net server game"]
[Site "www.ChessWorld.net "]
[Date "2007.8.4"]
[Round "NA"]
[White "joselito"]
[Black "kireng"]
[Result "1-0"]
[Termination "Black resigned"]
[WhiteElo "1372"]
[BlackElo "633"]
[Mode "ICS"]
[DateLastMove "2007.8.26"]
[Board "3974197"]

1.e4 e5 2.Bc4 Nc6 3.Qh5 g6 4.Qf3 Nh6 5.d3 Nd4 6.Qd1 d6 7.Bxh6 Bxh6 8.Nf3 Nxf3+ 9.Qxf3 Be6 10.O-O Bxc4 11.dxc4 f5 12.exf5 gxf5 13.Qxf5 Qe7 14.Nc3 a5 15.Nd5 Qf7 16.Qxf7+ Kxf7 17.Nxc7 Rac8 18.Nb5 Rxc4 19.Nxd6+ Ke6 20.Nxc4 e4 21.Nxa5 e3 22.Rfe1 b6 23.Nc6 Rc8 24.Nd4+ Ke5 25.fxe3 Rc4 26.Nf3+ Ke4 27.Nd2+ Kd5 28.Nxc4 Kxc4 29.e4 Bd2 30.Rf1 Kd4 31.Rad1 Ke3 32.e5 h5 33.e6 {Black resigned} 1-0

[Event "www.ChessWorld.net server game"]
[Site "www.ChessWorld.net "]
[Date "2007.8.4"]
[Round "NA"]
[White "joselito"]
[Black "sronicker"]
[Result "1-0"]
[Termination "Black resigned"]
[WhiteElo "1389"]
[BlackElo "1388"]
[Mode "ICS"]
[DateLastMove "2007.8.31"]
[Board "3974201"]

1.e4 e5 2.Nf3 d6 3.c3 Nc6 4.Bb5 Bd7 5.O-O a6 6.d4 axb5 7.Bg5 f6 8.Be3 Nge7 9.dxe5 dxe5 10.Nbd2 b4 11.cxb4 Nxb4 12.Nc4 Bb5 13.Qb3 Bxc4 14.Qxc4 Nec6 15.Rad1 Qe7 16.a3 Na6 17.h3 Na5 18.Qb5+ Nc6 19.Qxb7 Rd8 20.Qxc6+ Kf7 21.Qxa6 g6 22.Rxd8 Qxd8 23.Qc4+ Kg7 24.b4 Bd6 25.Nh4 Qa8 26.Qe6 Re8 27.Bh6+ Kxh6 28.Qxf6 Qxa3 29.Nf5+ {Black resigned} 1-0

[Event "www.ChessWorld.net server game"]
[Site "www.ChessWorld.net "]
[Date "2007.8.4"]
[Round "NA"]
[White "joselito"]
[Black "hornetsman"]
[Result "1-0"]
[Termination "Black king mated"]
[WhiteElo "1411"]
[BlackElo "1192"]
[Mode "ICS"]
[DateLastMove "2007.9.3"]
[Board "3974202"]

1.e4 e5 2.Nf3 f6 3.Bc4 Qe7 4.O-O g5 5.d4 c6 6.b3 Nh6 7.Ba3 Qg7 8.Bxf8 Kxf8 9.dxe5 g4 10.Nh4 fxe5 11.Nf5 Nxf5 12.exf5 h5 13.Nc3 e4 14.Nxe4 Qe5 15.Ng3 b5 16.Bd3 h4 17.Ne2 g3 18.fxg3 hxg3 19.Nxg3 d5 20.a4 Kf7 21.axb5 c5 22.c4 d4 23.Be4 Kf6 24.Bxa8 Nd7 25.Rxa7 Qe3+ 26.Rf2 Ne5 27.Nh5+ Kg5 28.Ng7 Nf7 29.Rxf7 Qe5 30.f6 Qxh2+ 31.Kf1 Qh1+ 32.Ke2 Bg4+ 33.Bf3 Bxf3+ 34.Rxf3 Qxg2+ 35.Rf2 Qe4+ 36.Kd2 Rh1 37.Rg2+ Qxg2+ 38.Qe2 Qh3 39.Ne6+ Kg6 40.Nf4+ Kxf7 41.Nxh3 Rxh3 42.Qe7+ Kg6 43.f7 Rh8 44.f8=Q Rxf8 45.Qxf8 Kg5 46.b6 Kh4 47.b7 d3 48.b8=Q Kh3 49.Qg7 Kh4 50.Qh2+ {Black king mated} 1-0

[Event "www.ChessWorld.net server game"]
[Site "www.ChessWorld.net "]
[Date "2007.8.4"]
[Round "NA"]
[White "joselito"]
[Black "azita"]
[Result "1-0"]
[Termination "Black king mated"]
[WhiteElo "1357"]
[BlackElo "1355"]
[Mode "ICS"]
[DateLastMove "2007.8.15"]
[Board "3974203"]

1.e4 e5 2.Bc4 d6 3.Qf3 Nf6 4.d3 Bd7 5.Qg3 Ng4 6.Nf3 Be7 7.h3 d5 8.Bxd5 Nh6 9.Qxg7 Bf6 10.Qxh6 Qe7 11.Ng5 Be6 12.Nxe6 fxe6 13.Bxb7 Qb4+ 14.Nc3 Qxb7 15.Qxf6 Rf8 16.Qxe6+ Kd8 17.Bg5+ Rf6 18.Bxf6+ {Black king mated} 1-0

[Event "www.ChessWorld.net server game"]
[Site "www.ChessWorld.net "]
[Date "2007.8.4"]
[Round "NA"]
[White "joselito"]
[Black "bonka-zed"]
[Result "1-0"]
[Termination "White claimed a win on time"]
[WhiteElo "1357"]
[BlackElo "1355"]
[Mode "ICS"]
[DateLastMove "2007.9.11"]
[Board "3974206"]

1.e4 e5 2.Nf3 Nf6 3.Bc4 Nxe4 4.Qe2 d5 5.Bb3 Bd6 6.Bxd5 Nf6 7.Nc3 O-O 8.O-O Re8 9.Bb3 Bg4 10.Ne4 Bd7 11.Nxf6+ {White claimed a win on time} 1-0

[Event "www.ChessWorld.net server game"]
[Site "www.ChessWorld.net "]
[Date "2007.8.4"]
[Round "NA"]
[White "joselito"]
[Black "charvey45"]
[Result "1-0"]
[Termination "White claimed a win on time"]
[WhiteElo "1357"]
[BlackElo "1355"]
[Mode "ICS"]
[DateLastMove "2008.1.3"]
[Board "3974207"]

1.e4 e5 2.Nf3 Nc6 3.Bb5 a6 4.Bxc6 bxc6 5.O-O Bc5 6.Nxe5 Qf6 7.Ng4 Qe6 8.d3 d5 9.Ne3 Nf6 10.Nd2 O-O 11.Nf3 dxe4 12.Ng5 Qe5 13.Nh3 Bxh3 14.gxh3 Bd6 15.Ng4 Nxg4 16.f4 Qd4+ 17.Kh1 {White claimed a win on time} 1-0

[Event "www.ChessWorld.net server game"]
[Site "www.ChessWorld.net "]
[Date "2007.8.4"]
[Round "NA"]
[White "joselito"]
[Black "Jetter"]
[Result "1-0"]
[Termination "Black king mated"]
[WhiteElo "1399"]
[BlackElo "946"]
[Mode "ICS"]
[DateLastMove "2007.10.1"]
[Board "3974208"]

1.e4 Nf6 2.Nc3 Nc6 3.Nf3 e5 4.Bb5 Bc5 5.O-O Ng4 6.Qe2 Nb4 7.d3 a6 8.Nd1 axb5 9.Ne3 h5 10.a3 Ra4 11.Nxg4 hxg4 12.Nxe5 Na6 13.Qxg4 Qe7 14.Qxg7 Qxe5 15.Qxe5+ Kd8 16.Qf6+ Ke8 17.Qxh8+ Bf8 18.Bh6 d6 19.Qxf8+ Kd7 20.Qxf7+ Kc6 21.Qe8+ Bd7 22.Qh5 Nc5 23.Qf3 Kb6 24.b4 Ne6 25.c4 Nd4 26.Qe3 c5 27.bxc5+ dxc5 28.Ra2 bxc4 29.dxc4 Rxc4 30.Rb1+ Kc6 31.a4 b6 32.Qd3 Be6 33.Bg7 Bg4 34.Bxd4 Rxd4 35.Qb5+ Kd6 36.Qxb6+ Ke5 37.Qxc5+ Kxe4 38.Re1+ Kd3 39.Qc2+ {Black king mated} 1-0

[Event "www.ChessWorld.net server game"]
[Site "www.ChessWorld.net "]
[Date "2007.8.9"]
[Round "NA"]
[White "joselito"]
[Black "joe pineapples"]
[Result "1-0"]
[Termination "White claimed a win on time"]
[WhiteElo "1399"]
[BlackElo "946"]
[Mode "ICS"]
[DateLastMove "2007.10.17"]
[Board "3990257"]

1.e4 e6 2.Nf3 d6 3.Bb5+ Bd7 4.Bxd7+ Nxd7 5.O-O Ngf6 6.d3 Qe7 7.Nbd2 g6 8.b3 Bg7 9.Bb2 e5 10.c3 O-O 11.Qe2 c6 12.h3 b5 13.d4 a6 14.dxe5 dxe5 15.c4 h6 16.cxb5 {White claimed a win on time} 1-0

[Event "www.ChessWorld.net server game"]
[Site "www.ChessWorld.net "]
[Date "2007.8.9"]
[Round "NA"]
[White "joselito"]
[Black "Macken"]
[Result "1-0"]
[Termination "Black king mated"]
[WhiteElo "1373"]
[BlackElo "1516"]
[Mode "ICS"]
[DateLastMove "2007.8.16"]
[Board "3990258"]

1.e4 e5 2.Nf3 Nc6 3.Bb5 Nf6 4.O-O a6 5.c3 axb5 6.d3 Bc5 7.d4 exd4 8.cxd4 O-O 9.dxc5 Nxe4 10.Qc2 Qe7 11.Re1 Re8 12.Bg5 Nxg5 13.Rxe7 Rxe7 14.h4 Nxf3+ 15.gxf3 Nd4 16.Qd3 Ne2+ 17.Kf1 Nf4 18.Qb3 c6 19.Nd2 Ne6 20.Ne4 Nd4 21.Qd3 Nf5 22.Ng5 Nxh4 23.Qxh7+ Kf8 24.Qh8+ {Black king mated} 1-0

[Event "www.ChessWorld.net server game"]
[Site "www.ChessWorld.net "]
[Date "2007.8.9"]
[Round "NA"]
[White "joselito"]
[Black "mcordewener"]
[Result "1-0"]
[Termination "White claimed a win on time"]
[WhiteElo "1373"]
[BlackElo "1516"]
[Mode "ICS"]
[DateLastMove "2007.12.14"]
[Board "3990260"]

1.e4 e6 2.Bc4 Nf6 3.d3 a6 4.Nf3 b5 5.Bb3 c6 6.O-O a5 7.a4 bxa4 8.Bxa4 g6 9.Bg5 h6 10.Bxf6 Qxf6 11.Nbd2 Qxb2 12.Rb1 Qa3 13.Bb3 Ba6 14.Nc4 Bxc4 15.Bxc4 d5 16.Bb3 a4 17.exd5 exd5 18.Re1+ Be7 19.Ra1 Qb4 20.Ba2 O-O 21.Ne5 Bf6 22.Nxc6 Nxc6 23.Rb1 Qa3 24.Bxd5 Qd6 25.c4 a3 26.Qb3 a2 27.Rbd1 a1=Q 28.Rxa1 Rxa1 29.Rxa1 Bxa1 30.Qb7 Ne5 31.Qb1 Bd4 32.h3 {White claimed a win on time} 1-0

[Event "www.ChessWorld.net server game"]
[Site "www.ChessWorld.net "]
[Date "2007.8.9"]
[Round "NA"]
[White "joselito"]
[Black "Fred77"]
[Result "1-0"]
[Termination "Black king mated"]
[WhiteElo "1351"]
[BlackElo "1095"]
[Mode "ICS"]
[DateLastMove "2007.8.14"]
[Board "3990261"]

1.e4 c6 2.Nf3 d5 3.Nc3 e6 4.Be2 Be7 5.O-O Nf6 6.d4 Bd7 7.exd5 exd5 8.Bg5 Nh5 9.Bxe7 Qxe7 10.Ne5 O-O 11.Bxh5 f6 12.Nxd7 Nxd7 13.a4 g6 14.Bf3 Rae8 15.a5 a6 16.Na4 b5 17.axb6 Qe6 18.Bg4 f5 19.Be2 Ra8 20.b3 Rab8 21.Nc5 Nxc5 22.dxc5 Ra8 23.Bxa6 Qe5 24.b7 Rad8 25.Bd3 Qb8 26.Ra8 Qxb7 27.Rxd8 Rxd8 28.Re1 Qa7 29.b4 Ra8 30.f3 Qa4 31.Qe2 Qa7 32.Qe6+ Kg7 33.Qxc6 Qa6 34.Bxa6 Rxa6 35.Qxa6 Kg8 36.Re7 d4 37.Qa8+ {Black king mated} 1-0

[Event "www.ChessWorld.net server game"]
[Site "www.ChessWorld.net "]
[Date "2007.8.27"]
[Round "NA"]
[White "joselito"]
[Black "Rooky Balboa"]
[Result "1-0"]
[Termination "Black king mated"]
[WhiteElo "1408"]
[BlackElo "1444"]
[Mode "ICS"]
[DateLastMove "2007.10.7"]
[Board "4046896"]

1.e4 e5 2.Nf3 Nc6 3.Bb5 a6 4.Bxc6 dxc6 5.O-O Bd6 6.d3 Nf6 7.Bg5 h6 8.Bxf6 Qxf6 9.Nbd2 b5 10.c4 h5 11.b3 Rh6 12.cxb5 cxb5 13.a4 Bb7 14.h3 O-O-O 15.Rc1 g5 16.axb5 axb5 17.Qc2 Kd7 18.b4 Ke8 19.Nb3 Rd7 20.Na5 Ba8 21.Nc6 g4 22.hxg4 hxg4 23.Nh2 Qg6 24.Qa2 Bxc6 25.Rxc6 f6 26.Qe6+ Be7 27.Ra1 Qf7 28.Ra8+ Rd8 29.Rxd8+ Kxd8 30.Qxf7 Kd7 31.Qe6+ Ke8 32.Rxc7 g3 33.Rc8+ {Black king mated} 1-0

[Event "www.ChessWorld.net server game"]
[Site "www.ChessWorld.net "]
[Date "2007.8.27"]
[Round "NA"]
[White "joselito"]
[Black "Parsifal66"]
[Result "1-0"]
[Termination "Black king mated"]
[WhiteElo "1426"]
[BlackElo "1388"]
[Mode "ICS"]
[DateLastMove "2007.9.5"]
[Board "4046899"]

1.e4 e5 2.Nf3 Nc6 3.Bb5 a6 4.Bxc6 bxc6 5.O-O Bc5 6.Nxe5 Qe7 7.Nf3 Qxe4 8.Re1 Qxe1+ 9.Qxe1+ Be7 10.d4 Nf6 11.Bg5 O-O 12.Ne5 d6 13.Nxc6 Re8 14.Nxe7+ Kf8 15.Na3 Rxe7 16.Qd2 Rd7 17.Re1 Rb8 18.Qd3 h6 19.Bxf6 g6 20.Qe3 Bb7 21.Qxh6+ Kg8 22.Qg7+ {Black king mated} 1-0

[Event "www.ChessWorld.net server game"]
[Site "www.ChessWorld.net "]
[Date "2007.9.5"]
[Round "NA"]
[White "joselito"]
[Black "Ironpig"]
[Result "1-0"]
[Termination "Black resigned"]
[WhiteElo "1406"]
[BlackElo "1521"]
[Mode "ICS"]
[DateLastMove "2007.10.18"]
[Board "4076096"]

1.e4 e5 2.Nf3 d6 3.Bc4 Be6 4.Bxe6 fxe6 5.d3 h6 6.O-O Nf6 7.Be3 g6 8.Nbd2 c6 9.h3 Bg7 10.c3 O-O 11.Nc4 b5 12.Ncd2 Nbd7 13.c4 b4 14.Nh4 Qe8 15.d4 g5 16.Nhf3 Nh7 17.dxe5 dxe5 18.a3 Rb8 19.Bxa7 Rb7 20.axb4 Ndf6 21.Bc5 Rff7 22.Nxe5 Rfc7 23.Ndf3 Bf8 24.Bxf8 Nxf8 25.Re1 N8d7 26.b5 Rc8 27.Nxc6 e5 28.b3 Qe6 29.Kf1 Kg7 30.Na5 Rbb8 31.h4 g4 32.Nh2 g3 33.fxg3 Qf7 34.Qf3 Nc5 35.Nc6 Rb7 36.Nxe5 Qe6 37.Neg4 Rf8 38.Nf2 Ng4 39.Qxg4+ Kh7 40.Qxe6 Nxe6 41.Nf3 Rbf7 42.Re3 Nd4 43.Ra2 Ne6 44.b4 Ng7 45.Ng4 Nh5 46.Kf2 Nf6 47.Nxf6+ Rxf6 48.Ra7+ Kg8 49.Ra6 R6f7 50.Rxh6 Kg7 51.Rh5 Rd8 52.g4 Rh8 53.Rxh8 Kxh8 54.Kg3 Re7 55.h5 Kh7 56.g5 Rg7 57.Kg4 Rc7 58.Ne5 Kg7 59.h6+ Kh7 60.Rf3 Re7 61.Rf7+ Rxf7 62.Nxf7 Kg6 63.b6 Kxf7 64.b7 Ke6 65.b8=Q Kf7 66.h7 Ke6 67.h8=Q Kf7 68.Qh6 Ke7 69.Qb7+ {Black resigned} 1-0

[Event "www.ChessWorld.net server game"]
[Site "www.ChessWorld.net "]
[Date "2007.9.5"]
[Round "NA"]
[White "joselito"]
[Black "Shrewd Dude"]
[Result "1-0"]
[Termination "Black resigned"]
[WhiteElo "1560"]
[BlackElo "1389"]
[Mode "ICS"]
[DateLastMove "2007.11.18"]
[Board "4076129"]

1.e4 e5 2.Nf3 Nc6 3.Bb5 f6 4.O-O a6 5.Bxc6 dxc6 6.d3 Bc5 7.Be3 Bxe3 8.fxe3 Bg4 9.c4 Ne7 10.Nc3 b5 11.Qd2 b4 12.Na4 a5 13.Nc5 O-O 14.h3 Bxf3 15.Ne6 Qe8 16.Nxf8 Bxg2 17.Qxg2 Kxf8 18.Kf2 c5 19.Rg1 g6 20.Qg3 Qd7 21.Qh4 Kg7 22.d4 cxd4 23.Rgf1 dxe3+ 24.Ke2 Qd2+ 25.Kf3 g5 26.Qe1 Qxb2 27.Qxe3 Qh2 28.Rh1 Qf4+ 29.Qxf4 exf4 30.h4 h6 31.hxg5 fxg5 32.Rad1 c5 33.Rd7 Re8 34.Rhd1 a4 35.Rc7 Kg6 36.Rxc5 b3 37.axb3 axb3 38.Rb5 Rc8 39.Rd6+ Kg7 40.Rxb3 Rxc4 41.Re6 Rc7 42.Rbb6 Rc3+ 43.Kg4 Rc7 44.Rxh6 Ng8 45.Rbg6+ Kf8 46.Rh8 Rg7 47.Ra6 Kf7 48.e5 Ke7 49.Ra7+ Kf8 50.Ra8+ Kf7 51.Kf5 Ne7+ 52.Ke4 Ng6 53.Rhb8 Nf8 54.Rxf8+ {Black resigned} 1-0

[Event "www.ChessWorld.net server game"]
[Site "www.ChessWorld.net "]
[Date "2007.9.5"]
[Round "NA"]
[White "joselito"]
[Black "HAIFAPENN"]
[Result "1-0"]
[Termination "Black king mated"]
[WhiteElo "1463"]
[BlackElo "1495"]
[Mode "ICS"]
[DateLastMove "2007.12.4"]
[Board "4076410"]

1.e4 e5 2.Nf3 Nc6 3.Bb5 a6 4.Bxc6 bxc6 5.O-O d5 6.d3 d4 7.Nxe5 Qf6 8.Ng4 Bxg4 9.Qxg4 g6 10.Bg5 Qe5 11.Nd2 Bd6 12.Nf3 Qc5 13.Bh4 Nh6 14.Qh3 Qxc2 15.Nxd4 Qxb2 16.Nxc6 O-O 17.Qf3 Rae8 18.Bf6 Qb6 19.Rac1 Ba3 20.Qf4 Re6 21.Ne7+ Bxe7 22.Bxe7 Rxe7 23.Qxh6 Re5 24.Qf4 Re7 25.Rc3 c5 26.Qh6 Qb4 27.Rfc1 Rc7 28.d4 Rfc8 29.Rh3 cxd4 30.Qxh7+ Kf8 31.Rf1 Rc1 32.Qh6+ Ke7 33.g4 Qb2 34.Qg5+ Kd7 35.Qd5+ Ke7 36.Rf3 Rxf1+ 37.Kxf1 Rf8 38.Rb3 Qc1+ 39.Kg2 Rd8 40.Rb7+ Ke8 41.Qxf7+ {Black king mated} 1-0

[Event "www.ChessWorld.net server game"]
[Site "www.ChessWorld.net "]
[Date "2007.10.11"]
[Round "NA"]
[White "joselito"]
[Black "brimoy"]
[Result "1-0"]
[Termination "Black resigned"]
[WhiteElo "1498"]
[BlackElo "1065"]
[Mode "ICS"]
[DateLastMove "2007.10.28"]
[Board "4196369"]

1.e4 e5 2.Nf3 Bc5 3.Bc4 Nh6 4.O-O O-O 5.h3 Nc6 6.c3 Qf6 7.d3 a6 8.a3 Ne7 9.b4 Bb6 10.Be3 Bxe3 11.fxe3 b5 12.Bb3 Bb7 13.Bc2 d6 14.d4 d5 15.dxe5 Qe6 16.exd5 Nxd5 17.Qd3 Nf5 18.e4 Nf4 19.Qd2 Qh6 20.exf5 Rad8 21.Qf2 Rde8 22.f6 gxf6 23.exf6 Qg6 24.Bxg6 fxg6 25.Qd4 Rf7 26.Qxf4 Re6 27.Ng5 Rexf6 28.Qxf6 Rxf6 29.Rxf6 Kg7 30.Rf2 Kh6 31.Ne6 Bd5 32.Nxc7 Bg8 33.a4 bxa4 34.Na3 Bb3 35.Re1 Bf7 36.Rxf7 Kg5 37.g3 Kh6 {Black resigned} 1-0

[Event "www.ChessWorld.net server game"]
[Site "www.ChessWorld.net "]
[Date "2007.10.15"]
[Round "NA"]
[White "joselito"]
[Black "bicetti"]
[Result "1-0"]
[Termination "White claimed a win on time"]
[WhiteElo "1498"]
[BlackElo "1065"]
[Mode "ICS"]
[DateLastMove "2007.12.22"]
[Board "4211827"]

1.e4 e5 2.Bc4 Nf6 3.Qe2 Bc5 4.Bb3 O-O 5.d3 Nc6 6.h3 Nd4 7.Qd2 d6 8.Ne2 Nxb3 9.axb3 d5 10.O-O dxe4 11.b4 Bb6 12.Ng3 exd3 13.Qxd3 Qxd3 14.cxd3 c6 15.Nd2 Be6 16.Nf3 Bc7 17.Bg5 Nd5 18.Nxe5 Bxe5 19.b5 Bxb2 20.Rab1 Bf6 21.Bxf6 Nxf6 22.b6 a5 23.Rfd1 a4 24.Ne2 Bb3 25.Re1 a3 26.Rxb3 a2 27.Ra1 Nd5 28.Nc1 Ra6 29.Nxa2 Nxb6 30.Rbb1 Rfa8 31.Rb2 g6 32.g3 R8a7 33.Kg2 Na4 34.Re2 Nc3 35.Nxc3 Rxa1 36.Ne4 {White claimed a win on time} 1-0

[Event "www.ChessWorld.net server game"]
[Site "www.ChessWorld.net "]
[Date "2007.10.15"]
[Round "NA"]
[White "joselito"]
[Black "sacripante4"]
[Result "1-0"]
[Termination "Black resigned"]
[WhiteElo "1509"]
[BlackElo "1795"]
[Mode "ICS"]
[DateLastMove "2007.12.23"]
[Board "4211829"]

1.e4 e6 2.Nf3 c5 3.d4 Qc7 4.Bd3 b6 5.Be3 Bb7 6.c4 d6 7.d5 e5 8.O-O Nf6 9.Nbd2 Nbd7 10.h3 h6 11.b3 g5 12.Re1 Bg7 13.Kf1 Nf8 14.a3 Ng6 15.b4 O-O 16.bxc5 bxc5 17.a4 Bc8 18.a5 g4 19.hxg4 Nxg4 20.Ke2 Rb8 21.a6 Nxe3 22.fxe3 Bg4 23.Nf1 Rb6 24.Ng3 Rfb8 25.Nf5 Rb2+ 26.Kf1 Ne7 27.Nxe7+ Qxe7 28.Rb1 Bf6 29.Bc2 Bg5 30.Qd2 h5 31.Nxg5 f6 32.Nf3 Qf7 33.Rxb2 Rxb2 34.Qc3 Qb7 35.axb7 {Black resigned} 1-0

[Event "www.ChessWorld.net server game"]
[Site "www.ChessWorld.net "]
[Date "2007.11.4"]
[Round "NA"]
[White "joselito"]
[Black "carlo09"]
[Result "1-0"]
[Termination "White claimed a win on time"]
[WhiteElo "1493"]
[BlackElo "1246"]
[Mode "ICS"]
[DateLastMove "2007.11.12"]
[Board "4276696"]

1.e4 e5 2.Bc4 Nf6 3.d3 Bc5 4.Nf3 Nc6 5.h3 d6 6.Be3 Bxe3 7.fxe3 h6 8.d4 Nxe4 9.dxe5 O-O 10.exd6 Nxd6 11.Bd3 Ne7 12.Nc3 c6 13.Qe2 b5 14.O-O-O a5 15.e4 b4 16.e5 bxc3 17.exd6 {White claimed a win on time} 1-0

[Event "www.ChessWorld.net server game"]
[Site "www.ChessWorld.net "]
[Date "2007.11.4"]
[Round "NA"]
[White "joselito"]
[Black "zoob"]
[Result "1-0"]
[Termination "Black resigned"]
[WhiteElo "1469"]
[BlackElo "1398"]
[Mode "ICS"]
[DateLastMove "2007.12.12"]
[Board "4277648"]

1.e4 e5 2.Nf3 d6 3.Bc4 f6 4.O-O Bg4 5.h3 Bd7 6.d3 Ne7 7.a3 Ng6 8.Ba2 Qc8 9.Be3 Be7 10.Nc3 Bc6 11.Ne2 Nd7 12.c3 Nb6 13.Qb3 Bd7 14.Qf7+ Kd8 15.Qxg7 Bb5 16.Bf7 Kd7 17.c4 Bc6 18.Bxg6 hxg6 19.Qxg6 Rg8 20.Qf5+ Kd8 21.Qh7 Kd7 22.c5 Rh8 23.Qf5+ Kd8 24.cxb6 Qxf5 25.exf5 cxb6 26.Nc3 Kc7 27.Ne4 Bxe4 28.dxe4 Rag8 29.Rac1+ Kd7 30.Rc2 Rxh3 31.Rfc1 Ke8 32.Rc7 Rh7 33.Rxb7 Rgh8 34.Rc8+ Bd8 35.Rxh7 Rxh7 36.g4 Rh3 37.Kg2 Rh7 38.g5 Kd7 39.Rc1 Ke8 40.g6 Rg7 41.b4 a5 42.Rc6 axb4 43.axb4 Kd7 44.b5 Bc7 45.Bxb6 Bb8 46.Be3 Rg8 47.Nd2 Rc8 48.Rxc8 Kxc8 49.g7 {Black resigned} 1-0

[Event "www.ChessWorld.net server game"]
[Site "www.ChessWorld.net "]
[Date "2007.11.4"]
[Round "NA"]
[White "joselito"]
[Black "bajan yorkie"]
[Result "1-0"]
[Termination "Black resigned"]
[WhiteElo "1495"]
[BlackElo "1437"]
[Mode "ICS"]
[DateLastMove "2007.11.11"]
[Board "4277662"]

1.e4 e5 2.Bc4 Qf6 3.Nf3 Nc6 4.O-O d6 5.c3 Bg4 6.Qb3 O-O-O 7.Bxf7 Bxf3 8.Qe6+ Kb8 9.Bxg8 Qg5 10.Qh3 Rxg8 11.Qxf3 h5 12.d4 exd4 13.Bxg5 dxc3 14.Nxc3 Nd4 15.Bxd8 Nxf3+ 16.gxf3 Kc8 17.Bg5 c5 18.Rfd1 Kc7 19.Kf1 a6 20.b3 b5 21.f4 b4 22.Ne2 g6 23.Bh4 Kc6 24.Bg3 Bg7 25.Rab1 Re8 26.f5 gxf5 27.Rxd6+ Kb7 28.Rd7+ Kc6 29.Rxg7 fxe4 30.Rh7 {Black resigned} 1-0

[Event "www.ChessWorld.net server game"]
[Site "www.ChessWorld.net "]
[Date "2007.11.4"]
[Round "NA"]
[White "joselito"]
[Black "luddly"]
[Result "1-0"]
[Termination "Black king mated"]
[WhiteElo "1530"]
[BlackElo "1285"]
[Mode "ICS"]
[DateLastMove "2007.11.12"]
[Board "4277666"]

1.e4 b6 2.Bc4 Nf6 3.d3 Nc6 4.Nf3 e6 5.O-O Bc5 6.Be3 Bd4 7.Bxd4 e5 8.Bxe5 Nxe5 9.Nxe5 O-O 10.Bd5 d6 11.Bxa8 Be6 12.Nf3 Qxa8 13.Nbd2 Re8 14.Ng5 Bg4 15.Ndf3 Re5 16.Qe2 Rxg5 17.h3 Bxf3 18.Qxf3 Qc6 19.Rfe1 Qxc2 20.e5 Rxe5 21.Qa8+ Ne8 22.Qxe8+ Rxe8 23.Rxe8+ {Black king mated} 1-0

[Event "www.ChessWorld.net server game"]
[Site "www.ChessWorld.net "]
[Date "2007.11.17"]
[Round "NA"]
[White "joselito"]
[Black "Cracker."]
[Result "1-0"]
[Termination "Black king mated"]
[WhiteElo "1482"]
[BlackElo "1268"]
[Mode "ICS"]
[DateLastMove "2007.12.15"]
[Board "4316498"]

1.e3 e5 2.g3 e4 3.Bg2 d5 4.d3 f5 5.Qd2 g5 6.Nc3 c6 7.dxe4 fxe4 8.Qd4 Qf6 9.Qxf6 Nxf6 10.Bd2 h5 11.O-O-O Ng4 12.Rf1 Ne5 13.f3 Nxf3 14.Nxf3 exf3 15.Bxf3 b5 16.e4 g4 17.Bg2 Be6 18.exd5 cxd5 19.Nxb5 Kd8 20.Ba5+ Kc8 21.Nc7 Nc6 22.Nxe6 Bh6+ 23.Kb1 Nxa5 24.Bxd5 Rb8 25.Rf7 Nb7 26.Rc7+ {Black king mated} 1-0

[Event "www.ChessWorld.net server game"]
[Site "www.ChessWorld.net "]
[Date "2007.11.23"]
[Round "NA"]
[White "joselito"]
[Black "bluemike5102"]
[Result "1-0"]
[Termination "Black king mated"]
[WhiteElo "1512"]
[BlackElo "1614"]
[Mode "ICS"]
[DateLastMove "2008.1.6"]
[Board "4335192"]

1.Nf3 d5 2.g3 f5 3.Bg2 Nc6 4.d3 e6 5.Bg5 Be7 6.Bxe7 Ngxe7 7.O-O Qd6 8.Nbd2 h5 9.e3 h4 10.Nxh4 e5 11.Ndf3 e4 12.dxe4 fxe4 13.Nd4 Ne5 14.Ndf5 Nxf5 15.Nxf5 Qf6 16.Nh4 Bg4 17.Qxd5 Bf3 18.Qxb7 Kd7 19.Bh3+ Ng4 20.Bxg4+ Bxg4 21.Qxe4 Be6 22.Rfd1+ Ke8 23.Qxa8+ Kf7 24.Qxh8 c5 25.Rd3 Qxb2 26.Qh5+ Kf6 27.Qg6+ Ke7 28.Qg5+ Kf7 29.Qf4+ Ke7 30.Ng6+ Ke8 31.Qf8+ {Black king mated} 1-0

[Event "www.ChessWorld.net server game"]
[Site "www.ChessWorld.net "]
[Date "2007.12.23"]
[Round "NA"]
[White "joselito"]
[Black "mad hatter xxx"]
[Result "1-0"]
[Termination "Black king mated"]
[WhiteElo "1539"]
[BlackElo "1433"]
[Mode "ICS"]
[DateLastMove "2008.1.29"]
[Board "4438760"]

1.Nf3 c5 2.e4 b6 3.Bc4 Nc6 4.Ng5 e6 5.d3 h6 6.Nh3 Bb7 7.c3 Qc7 8.Bf4 d6 9.Qf3 g5 10.Bxg5 hxg5 11.Nxg5 Rh6 12.O-O Ne5 13.Bb5+ Bc6 14.Bxc6+ Qxc6 15.Nd2 O-O-O 16.Qg3 c4 17.Nxf7 Rg6 18.Qh3 Rd7 19.Nxe5 dxe5 20.Nxc4 Nf6 21.Nxe5 Qd6 22.Nxg6 Rg7 23.Nxf8 Ng4 24.Nh7 Qf4 25.g3 Qf3 26.Qg2 Qxd3 27.Rad1 Qc2 28.e5 Kc7 29.Nf8 Re7 30.Qa8 Qa4 31.Qd8+ Kb7 32.Qxe7+ Ka6 33.Qxe6 Qe4 34.b4 Qe2 35.a4 Ne3 36.Qc8+ {Black king mated} 1-0

[Event "www.ChessWorld.net server game"]
[Site "www.ChessWorld.net "]
[Date "2007.12.23"]
[Round "NA"]
[White "joselito"]
[Black "cu2"]
[Result "1-0"]
[Termination "Black king mated"]
[WhiteElo "1508"]
[BlackElo "1359"]
[Mode "ICS"]
[DateLastMove "2008.1.8"]
[Board "4438762"]

1.Nf3 e6 2.e4 Nf6 3.d3 c5 4.c3 c4 5.Ne5 cxd3 6.Bxd3 d6 7.Nf3 h5 8.O-O Qc7 9.Qe2 d5 10.Bg5 Ng4 11.h3 Ne5 12.Bf4 f6 13.exd5 exd5 14.Nxe5 fxe5 15.Bxe5 Qe7 16.Re1 Nc6 17.Bh2 Rh6 18.Nd2 Re6 19.Qf3 Rxe1+ 20.Rxe1 Qxe1+ 21.Nf1 Ne5 22.Qxh5+ Nf7 23.Qxd5 Qd1 24.Bb5+ Bd7 25.Bxd7+ Ke7 26.Qxd1 Rd8 27.Qe2+ Kxd7 28.Qb5+ Ke7 29.Qxb7+ Rd7 30.Qf3 g6 31.Bg3 g5 32.Ne3 Kd8 33.Nd5 Bc5 34.Nf6 Rd2 35.Ne4 Rd5 36.Qxf7 Rd1+ 37.Kh2 Re1 38.Nf6 Be7 39.Qe8+ {Black king mated} 1-0